Catalog

Record Details

Catalog Search



Astronomy you can nibble  Cover Image Book Book

Astronomy you can nibble / Megan Borgert-Spaniol ; consulting editor, Diane Craig, MA/Reading Specialist.

Summary:

"Do you like learning about outer space, planets, and stars? Do you like to cook? Then Astronomy You Can Nibble is the right book for you! Learn about what astronomers do and what they have discovered. Then explore astronomy further by making delicious snacks. Check out the entire Super Simple Science You Can Snack On series for more tasty STEM fun!"--Page 4 of cover.

Record details

  • ISBN: 9781532117220
  • ISBN: 1532117221
  • Physical Description: 32 pages : color illustrations ; 20 x 25 cm
  • Publisher: Minneapolis, Minnesota : Super Sandcastle, an imprint of Abdo Publishing, [2019]

Content descriptions

Formatted Contents Note:
What is Astronomy? -- Astronomy today -- Astronomy snacks -- Ingredients & tools -- Solar system snack plate -- Moon cake -- S'more meteorites -- Edible constellations -- Iced eclipse cookies -- Galaxy bites -- Conclusion.
Subject: Astronomy > Juvenile literature.
Astronauts > Nutrition > Juvenile literature.
Snack foods > Juvenile literature.
Cookbooks > Juvenile literature.
Genre: Cookbooks.

Available copies

  • 1 of 1 copy available at scottsboropl.

Holds

  • 0 current holds with 1 total copy.
Show Only Available Copies
Location Call Number / Copy Notes Barcode Shelving Location Status Due Date
scottsboropl J 641 Sci 32269001162398 Juvenile - NonFiction Available -

LDR 02838cam a2200565 i 4500
001155279
003SBPL
00520210310215318.0
008180620s2019 mnua j 000 0 eng
010 . ‡a 2018948854
020 . ‡a9781532117220 ‡q(lib. bdg.)
020 . ‡a1532117221
020 . ‡z9781532170089 ‡q(ebook)
035 . ‡a(OCoLC)1050617358
042 . ‡apcc
05000. ‡aQB46 ‡b.B765 2019
08204. ‡a641 ‡223
1001 . ‡aBorgert-Spaniol, Megan, ‡d1989- ‡eauthor.
24510. ‡aAstronomy you can nibble / ‡cMegan Borgert-Spaniol ; consulting editor, Diane Craig, MA/Reading Specialist.
264 1. ‡aMinneapolis, Minnesota : ‡bSuper Sandcastle, an imprint of Abdo Publishing, ‡c[2019]
300 . ‡a32 pages : ‡bcolor illustrations ; ‡c20 x 25 cm
336 . ‡atext ‡btxt ‡2rdacontent
337 . ‡aunmediated ‡bn ‡2rdamedia
338 . ‡avolume ‡bnc ‡2rdacarrier
4901 . ‡aSuper simple science you can snack on
5050 . ‡aWhat is Astronomy? -- Astronomy today -- Astronomy snacks -- Ingredients & tools -- Solar system snack plate -- Moon cake -- S'more meteorites -- Edible constellations -- Iced eclipse cookies -- Galaxy bites -- Conclusion.
520 . ‡a"Do you like learning about outer space, planets, and stars? Do you like to cook? Then Astronomy You Can Nibble is the right book for you! Learn about what astronomers do and what they have discovered. Then explore astronomy further by making delicious snacks. Check out the entire Super Simple Science You Can Snack On series for more tasty STEM fun!"--Page 4 of cover.
650 0. ‡aAstronomy ‡vJuvenile literature.
650 0. ‡aAstronauts ‡xNutrition ‡vJuvenile literature.
650 0. ‡aSnack foods ‡vJuvenile literature.
650 0. ‡aCookbooks ‡vJuvenile literature.
655 7. ‡aCookbooks. ‡2lcgft
7001 . ‡aCraig, Diane, ‡eeditor.
830 0. ‡aSuper simple science you can snack on.
901 . ‡a155279 ‡b ‡c155279 ‡tbiblio

Additional Resources